000 00413nam a22001577a 4500
005 20260128150412.0
008 260128b |||||||| |||| 00| 0 eng d
020 _a978-93-6993-160-6
041 _aEng.
100 _aChaudhari, S. R. & Others
_9216521
245 _aCommunication Electronics Sem.- IV ( S. Y. B. Sc. )
250 _a1st ed.
260 _aPune
_bNirali Books
300 _a4.38
942 _cBK
999 _c370221
_d370221